[Event "FB23 2122 FC Bayern München - SK Freib"]
[Site "?"]
[Date "2022.03.19"]
[Round "4.4"]
[White "Vidonyak, Nellya"]
[Black "Ehmann, Johanna"]
[Result "1-0"]
[WhiteElo "2118"]
[BlackElo "1778"]
[PlyCount "75"]
[EventDate "2022.??.??"]

1. d4 c6 2. Bf4 d6 3. Nf3 Nf6 4. e3 g6 5. Be2 Bg7 6. h3 O-O 7. O-O Nbd7 8. Bh2
b5 9. a4 b4 10. a5 a6 11. c3 bxc3 12. bxc3 Ne4 13. Qa4 Bb7 14. Nfd2 Nxd2 15.
Nxd2 c5 16. Rab1 Qc7 17. Bg4 Bc6 18. Qa3 c4 19. Nxc4 Bb5 20. Nb6 Nxb6 21. axb6
Qc4 22. Rfe1 Rab8 23. Be2 Qd5 24. Qa5 Rfc8 25. b7 Rf8 26. Bg3 e5 27. Bxb5 axb5
28. Qxb5 Qe6 29. c4 Rfe8 30. c5 dxc5 31. dxc5 Re7 32. c6 Rc7 33. Rec1 h5 34.
Ra1 Kh7 35. Ra8 Qe8 36. Qa5 Rxc6 37. Rxc6 Qxc6 38. Rxb8 1-0

[Event "FB23 2122 FC Bayern München - SK Freib"]
[Site "?"]
[Date "2022.03.19"]
[Round "4.5"]
[White "Henninger, Claire"]
[Black "Dirmeier, Carolin"]
[Result "1/2-1/2"]
[WhiteElo "1514"]
[BlackElo "1977"]
[PlyCount "61"]
[EventDate "2022.??.??"]

1. e4 c5 2. Nf3 Nc6 3. d4 cxd4 4. Nxd4 Nf6 5. Nc3 e5 6. Nxc6 bxc6 7. Bg5 Rb8 8.
Rb1 Bb4 9. Bd3 Qa5 10. Bd2 Qc7 11. O-O O-O 12. f4 d5 13. exd5 cxd5 14. fxe5 Ng4
15. Kh1 Qc5 16. Qf3 Bxc3 17. Bxc3 Rb6 18. h3 Ne3 19. Rfe1 Nc4 20. a3 Qc6 21.
Bb4 Re8 22. Bc3 Re6 23. Bd4 Rb7 24. Qh5 Rh6 25. Qg5 Re6 26. Bf5 Re8 27. e6 f6
28. Bxf6 Nd6 29. Bd3 Ne4 30. Bxe4 dxe4 31. Bc3 1/2-1/2

[Event "FB23 2122 TSV Forstenried - Karlsruher "]
[Site "?"]
[Date "2022.03.19"]
[Round "4.1"]
[White "Schmidt, Jessica"]
[Black "Imnadze, Nato"]
[Result "0-1"]
[WhiteElo "2231"]
[BlackElo "2238"]
[PlyCount "90"]
[EventDate "2022.??.??"]

1. d4 g6 2. Nf3 Bg7 3. c3 Nf6 4. Bf4 d6 5. h3 O-O 6. e3 c5 7. Be2 Qb6 8. b3 Bf5
9. Bh2 Rc8 10. O-O cxd4 11. cxd4 Na6 12. Na3 d5 13. Nh4 Bd7 14. Nc2 Rc3 15. Ne1
Rac8 16. Nd3 Ne4 17. Nf3 Bb5 18. a4 Be8 19. b4 R3c4 20. b5 Nb4 21. Nxb4 Rxb4
22. Bd3 a5 23. bxa6 bxa6 24. a5 Qb7 25. Be5 Bb5 26. Bxb5 Qxb5 27. Bxg7 Kxg7 28.
Ne5 Rb2 29. Qd3 Rcc2 30. Qxb5 Rxb5 31. Nd3 Rb3 32. Nf4 e6 33. f3 Ng3 34. Rf2
Rcc3 35. Kh2 Nf5 36. e4 dxe4 37. fxe4 Nxd4 38. Raf1 Re3 39. Nh5+ gxh5 40. Rxf7+
Kg6 41. R7f6+ Kg5 42. Rf8 h4 43. R1f7 h6 44. Rg7+ Kh5 45. Rf6 Rg3 0-1

[Event "FB23 2122 TSV Forstenried - Karlsruher "]
[Site "?"]
[Date "2022.03.19"]
[Round "4.3"]
[White "Pellicoro, Nathalie"]
[Black "Staudacher, Ana"]
[Result "1-0"]
[WhiteElo "1883"]
[BlackElo "1722"]
[PlyCount "77"]
[EventDate "2022.??.??"]

1. e4 c6 2. d4 d5 3. e5 e6 4. Nf3 c5 5. c3 Nc6 6. Be3 cxd4 7. cxd4 Bb4+ 8. Bd2
Bxd2+ 9. Qxd2 Nge7 10. Nc3 a6 11. Be2 b5 12. h4 Bb7 13. h5 h6 14. g4 Qb6 15.
Rc1 Rc8 16. Rg1 Na5 17. b3 Nac6 18. Bd3 Kd7 19. Qf4 Rhf8 20. g5 hxg5 21. Rxg5
f6 22. Rxg7 fxe5 23. Nxe5+ Nxe5 24. Qxe5 Qa5 25. Qg5 Qb4 26. Ke2 Qd6 27. h6 Rf4
28. Rxe7+ Qxe7 29. Qxf4 Rf8 30. Qe3 Qh4 31. Rg1 Qh5+ 32. Kd2 Bc8 33. Rg7+ Kc6
34. Nd1 Rf3 35. Be2 Rxe3 36. Bxh5 Rh3 37. Rg5 Rh4 38. h7 Rxd4+ 39. Kc1 1-0

[Event "FB23 2122 SK 1980 Gernsheim - SG Augsbu"]
[Site "?"]
[Date "2022.03.19"]
[Round "4.1"]
[White "Jussupow, Nadia"]
[Black "Lukas, Anne"]
[Result "1/2-1/2"]
[WhiteElo "2159"]
[BlackElo "2033"]
[PlyCount "114"]
[EventDate "2022.??.??"]

1. d4 Nf6 2. Nf3 g6 3. Nc3 d5 4. Bf4 Bg7 5. e3 O-O 6. Be2 Bg4 7. Ne5 Bxe2 8.
Qxe2 c5 9. O-O-O cxd4 10. exd4 Nc6 11. h4 e6 12. g4 Rc8 13. h5 Nd7 14. hxg6
Ncxe5 15. gxh7+ Kh8 16. dxe5 Rc4 17. Qe3 Qb6 18. Qg3 Rfc8 19. Rd2 d4 20. Ne4
Qc6 21. Qd3 Bxe5 22. b3 Bxf4 23. Qxc4 Bxd2+ 24. Kxd2 Qxc4 25. bxc4 Ne5 26. Nd6
Nxc4+ 27. Nxc4 Rxc4 28. g5 Rc5 29. f4 Ra5 30. Rh6 Rf5 31. Rh4 Ra5 32. Rh6 Rd5
33. Kd3 b5 34. Rf6 Rd7 35. g6 fxg6 36. Rxg6 Rxh7 37. Kxd4 Rh2 38. Rxe6 Rxc2 39.
Ra6 Rc4+ 40. Ke5 Rc5+ 41. Ke6 Rc4 42. f5 Rc7 43. f6 Kg8 44. Rd6 Rc8 45. Rd7 Kf8
46. Rxa7 Rc6+ 47. Kf5 Rc1 48. Ke5 Re1+ 49. Kd5 Rf1 50. Ke6 Re1+ 51. Kd6 Rf1 52.
f7 b4 53. Kc5 Rxf7 54. Ra8+ Ke7 55. Kxb4 Rf5 56. a4 Kd7 57. Rh8 Kc7 1/2-1/2

[Event "FB23 2122 SK 1980 Gernsheim - SG Augsbu"]
[Site "?"]
[Date "2022.03.19"]
[Round "4.2"]
[White "Ries, Jutta"]
[Black "Horvath, Maria"]
[Result "1/2-1/2"]
[WhiteElo "2001"]
[BlackElo "1997"]
[PlyCount "66"]
[EventDate "2022.??.??"]

1. f4 d5 2. Nf3 c5 3. b3 Nc6 4. Bb2 Bg4 5. e3 e6 6. Bb5 Rc8 7. O-O a6 8. Bxc6+
Rxc6 9. Qe1 Bxf3 10. Rxf3 Nf6 11. Qg3 g6 12. d3 Bg7 13. Qe1 O-O 14. Nd2 b5 15.
a4 Re8 16. Rh3 c4 17. axb5 axb5 18. bxc4 bxc4 19. Nf3 cxd3 20. cxd3 Ng4 21.
Bxg7 Kxg7 22. Nd4 Rb6 23. Qc3 Qf6 24. Rg3 Nh6 25. Rf1 Reb8 26. e4 Rb3 27. Qa1
Rb2 28. Nc6 R8b6 29. Ne5 R6b3 30. Rh3 Ng8 31. exd5 exd5 32. Qa7 Rb1 33. Rhf3
Ne7 1/2-1/2

[Event "FB23 2122 SK 1980 Gernsheim - SG Augsbu"]
[Site "?"]
[Date "2022.03.19"]
[Round "4.3"]
[White "Braun, Kristin"]
[Black "Blaschke, Franziska"]
[Result "0-1"]
[WhiteElo "1914"]
[BlackElo "1836"]
[PlyCount "62"]
[EventDate "2022.??.??"]

1. e4 e5 2. Nf3 Nc6 3. Bc4 Bc5 4. d3 Nf6 5. c3 a6 6. Nbd2 O-O 7. Bb3 d5 8. exd5
Nxd5 9. Ne4 Ba7 10. O-O Kh8 11. Nfg5 f6 12. Qh5 fxg5 13. Nxg5 Nf6 14. Nf7+ Rxf7
15. Qxf7 Bf5 16. Rd1 Qd6 17. Be3 Bxe3 18. fxe3 b5 19. d4 exd4 20. c4 d3 21.
cxb5 axb5 22. Rac1 Re8 23. Rf1 Bg6 24. Rxf6 gxf6 25. Qd5 Qxd5 26. Bxd5 Nb4 27.
Bb3 Nc2 28. Kf2 c5 29. Bxc2 dxc2 30. b3 Ra8 31. Ra1 Rxa2 0-1

[Event "FB23 2122 SK 1980 Gernsheim - SG Augsbu"]
[Site "?"]
[Date "2022.03.19"]
[Round "4.4"]
[White "Mueller, Manon"]
[Black "Todorova, Kalina"]
[Result "1/2-1/2"]
[WhiteElo "1787"]
[BlackElo "1787"]
[PlyCount "83"]
[EventDate "2022.??.??"]

1. d4 Nf6 2. Bg5 e6 3. c4 Be7 4. Nf3 b6 5. g3 Bb7 6. Bg2 O-O 7. O-O Ne4 8. Bxe7
Qxe7 9. Qc2 f5 10. Nc3 Na6 11. a3 Nxc3 12. Qxc3 c5 13. Rfd1 cxd4 14. Nxd4 Bxg2
15. Kxg2 Rac8 16. Rac1 f4 17. b4 Qf7 18. Qf3 Nc7 19. Qxf4 Qxf4 20. gxf4 Rxf4
21. Kg3 Rcf8 22. f3 e5 23. Nb5 Nxb5 24. cxb5 e4 25. Rd4 h5 26. Rxe4 h4+ 27. Kg2
Rxe4 28. fxe4 Rf4 29. Rc7 Rxe4 30. Kf3 d5 31. Rxa7 g5 32. h3 Rf4+ 33. Kg2 Re4
34. Rd7 Rxe2+ 35. Kf3 Ra2 36. Rxd5 Rxa3+ 37. Kf2 Rxh3 38. Rxg5+ Kf7 39. Rg4 Kf6
40. Rc4 Kg5 41. Rc6 Rb3 42. Rc4 1/2-1/2

[Event "FB23 2122 SK 1980 Gernsheim - SG Augsbu"]
[Site "?"]
[Date "2022.03.19"]
[Round "4.5"]
[White "Muench, Ursula"]
[Black "Wilke, Tabea"]
[Result "1-0"]
[WhiteElo "1799"]
[BlackElo "1758"]
[PlyCount "117"]
[EventDate "2022.??.??"]

1. Nf3 Nf6 2. g3 e6 3. Bg2 d5 4. d3 c5 5. Nbd2 Be7 6. e4 O-O 7. O-O Nc6 8. Re1
Qc7 9. e5 Nd7 10. Qe2 b5 11. Nf1 a5 12. Bf4 Qb6 13. h4 c4 14. N1h2 Ba6 15. Ng4
b4 16. dxc4 Bxc4 17. Qd2 Nc5 18. Be3 d4 19. Nxd4 Nxd4 20. Qxd4 Bd5 21. Nf6+
Bxf6 22. exf6 Bxg2 23. Kxg2 Qc6+ 24. f3 Nb7 25. fxg7 Rfd8 26. Qe4 Qxe4 27. fxe4
Kxg7 28. Rad1 Rac8 29. Rxd8 Rxd8 30. Re2 Rd7 31. Rd2 Rxd2+ 32. Bxd2 Kf6 33. c3
bxc3 34. Bxc3+ Ke7 35. Kf3 a4 36. Kf4 f6 37. e5 fxe5+ 38. Bxe5 Nc5 39. Kg5 Kf7
40. Kh6 Kg8 41. Bd4 Nd3 42. g4 e5 43. Bc3 e4 44. b4 axb3 45. axb3 e3 46. b4 e2
47. b5 Ne5 48. Kg5 Kf7 49. b6 Nd7 50. b7 Nb8 51. Kf4 Ke7 52. Ke3 Kd7 53. Kxe2
Kc6 54. Be5 Kxb7 55. Bxb8 Kxb8 56. Kf3 Kc8 57. Kf4 Kd8 58. Kg5 Ke7 59. Kh6 1-0

[Event "FB23 2122 SK 1980 Gernsheim - SG Augsbu"]
[Site "?"]
[Date "2022.03.19"]
[Round "4.6"]
[White "Fischer, Juliane"]
[Black "Schaefer, Ann-Kathrin"]
[Result "1-0"]
[WhiteElo "1493"]
[BlackElo "1696"]
[PlyCount "43"]
[EventDate "2022.??.??"]

1. e4 c5 2. Nc3 Nc6 3. f4 d6 4. Nf3 g6 5. Bc4 Bg7 6. d3 Nf6 7. O-O O-O 8. Qe1
e6 9. Qh4 d5 10. Bb3 d4 11. Nb1 Bd7 12. f5 exf5 13. Bg5 Re8 14. Nbd2 Bc8 15.
exf5 Bxf5 16. g4 h6 17. gxf5 hxg5 18. Nxg5 Nd5 19. fxg6 f6 20. Rxf6 Qxf6 21.
Bxd5+ Kf8 22. Nh7+ 1-0

[Event "FB23 2122 SV 1920 Hofheim - SV Stuttgar"]
[Site "?"]
[Date "2022.03.19"]
[Round "4.2"]
[White "Mar, Karmen"]
[Black "Froehlich, Franziska"]
[Result "0-1"]
[WhiteElo "2074"]
[BlackElo "1913"]
[PlyCount "148"]
[EventDate "2022.??.??"]

1. e4 e6 2. d4 d5 3. Nd2 Nf6 4. e5 Nfd7 5. Bd3 c5 6. c3 Nc6 7. Ngf3 g6 8. O-O
Bg7 9. Re1 O-O 10. Bb5 cxd4 11. cxd4 f6 12. exf6 Qxf6 13. Nb3 Ndb8 14. Bg5 Qf7
15. Qd2 Re8 16. Bf4 a6 17. Bf1 Nd7 18. Bg3 Nf6 19. Ng5 Qf8 20. Nc5 Nxd4 21.
Qxd4 Ne4 22. Ncxe6 Bxd4 23. Nxf8 Rxf8 24. Nxe4 dxe4 25. Rxe4 Bxb2 26. Bc4+ Kh8
27. Rb1 Bf6 28. Re3 b5 29. Bd5 Bf5 30. Rbe1 Rad8 31. Bb7 Bc8 32. Bc6 Rd2 33. h3
Kg7 34. a3 Bf5 35. Bf4 Rd3 36. R3e2 Rfd8 37. Bc1 h5 38. Kh2 Rd1 39. Bb7 Rxe1
40. Rxe1 a5 41. Bc6 b4 42. axb4 axb4 43. Ba4 Rc8 44. Bf4 Ra8 45. Bb3 Ra3 46.
Bc4 Rc3 47. Bd5 b3 48. Re2 Rc2 49. Rxc2 Bxc2 50. Bc1 b2 51. Bxb2 Bxb2 52. Kg3
Kh6 53. f3 Bc3 54. h4 Bf5 55. Kf2 Bf6 56. g3 Kg7 57. Ke3 Be7 58. Bc4 Kf6 59.
Bb3 Ke5 60. Bf7 Bc5+ 61. Kd2 Kf6 62. Be8 Ke7 63. Bc6 Bf2 64. g4 hxg4 65. fxg4
Bxg4 66. h5 gxh5 67. Bb5 Kf6 68. Be2 Kg5 69. Bf1 Kf4 70. Bg2 Kg3 71. Bc6 h4 72.
Bd5 h3 73. Bh1 h2 74. Kd3 Bf3 0-1

[Event "FB23 2122 SV 1920 Hofheim - SV Stuttgar"]
[Site "?"]
[Date "2022.03.19"]
[Round "4.3"]
[White "Stitterich, Nadine"]
[Black "Kushka, Alena"]
[Result "0-1"]
[WhiteElo "1988"]
[BlackElo "2121"]
[PlyCount "62"]
[EventDate "2022.??.??"]

1. e4 c5 2. Nf3 Nc6 3. d4 cxd4 4. Nxd4 Qb6 5. Nb3 Nf6 6. Nc3 e6 7. Be3 Qc7 8.
Bd3 Bb4 9. O-O Bxc3 10. bxc3 d5 11. exd5 Nxd5 12. Bc5 b6 13. Ba3 Bb7 14. c4 Nf4
15. Be4 Rd8 16. Qg4 Ng6 17. f4 Nce7 18. f5 exf5 19. Bxf5 O-O 20. Bxg6 hxg6 21.
c5 Rfe8 22. cxb6 axb6 23. c4 Nf5 24. Bc1 Re4 25. Qg5 f6 26. Qxg6 Nh4 27. Qg3
Qxg3 28. hxg3 Re2 29. Kh2 Rxg2+ 30. Kh3 Bc8+ 31. g4 Rd3+ 0-1

[Event "FB23 2122 SV 1920 Hofheim - SV Stuttgar"]
[Site "?"]
[Date "2022.03.19"]
[Round "4.4"]
[White "Roessler, Ulrike"]
[Black "Erben, Larissa"]
[Result "1-0"]
[WhiteElo "2106"]
[BlackElo "1965"]
[PlyCount "65"]
[EventDate "2022.??.??"]

1. e4 c5 2. Nf3 e6 3. d4 cxd4 4. Nxd4 Nc6 5. Nc3 a6 6. Nxc6 bxc6 7. Bd3 Qc7 8.
O-O Nf6 9. Qe2 Be7 10. b3 d6 11. f4 Nd7 12. Bb2 Nc5 13. Bc4 O-O 14. Rae1 a5 15.
Qg4 e5 16. Qg3 Bf6 17. Kh1 Ba6 18. Bxa6 Rxa6 19. f5 Rd8 20. Ba3 Qa7 21. Rd1 a4
22. b4 Nb7 23. b5 Rb6 24. bxc6 Rxc6 25. Nd5 Kh8 26. Nxf6 gxf6 27. Qh4 Rg8 28.
Qxf6+ Rg7 29. Rf3 Qb8 30. Rg3 Qg8 31. Rb1 Rxc2 32. Rxb7 Rxa2 33. Qxg7+ 1-0

[Event "FB23 2122 SV 1920 Hofheim - SV Stuttgar"]
[Site "?"]
[Date "2022.03.19"]
[Round "4.5"]
[White "Lederer, Leia"]
[Black "Tuzi, Bruna"]
[Result "1-0"]
[WhiteElo "1790"]
[BlackElo "2002"]
[PlyCount "73"]
[EventDate "2022.??.??"]

1. e4 c5 2. Nf3 Nc6 3. d4 cxd4 4. Nxd4 Nf6 5. Nc3 e5 6. Nf3 Bb4 7. Bg5 Qa5 8.
Bxf6 Bxc3+ 9. bxc3 Qxc3+ 10. Nd2 gxf6 11. Bc4 Rg8 12. O-O d5 13. Bxd5 Bh3 14.
g3 Bxf1 15. Nxf1 O-O-O 16. Rb1 Nb4 17. Ne3 Nxd5 18. Nxd5 Qc5 19. Qd3 f5 20. Qb3
b6 21. Nf6 Rd2 22. Qf3 Rgd8 23. Qxf5+ Kb7 24. Nd5 R8xd5 25. exd5 Qxd5 26. Qxh7
Qxa2 27. Rb3 Qxc2 28. Qxf7+ Qc7 29. Qf3+ Qc6 30. h4 e4 31. Qe3 Rd1+ 32. Kh2 Qc4
33. Rc3 Qd5 34. Qf4 e3 35. Rc7+ Ka8 36. Qf8+ Qd8 37. Rc8+ 1-0

[Event "FB23 2122 SV 1920 Hofheim - SV Stuttgar"]
[Site "?"]
[Date "2022.03.19"]
[Round "4.6"]
[White "Barpiyeva, Gulsana"]
[Black "Haecker, Gabriele"]
[Result "1/2-1/2"]
[WhiteElo "2015"]
[BlackElo "1965"]
[PlyCount "71"]
[EventDate "2022.??.??"]

1. d4 d5 2. c4 c6 3. e3 Nf6 4. Nc3 Bf5 5. Nf3 e6 6. Be2 Bd6 7. O-O O-O 8. h3 h6
9. Ne5 Nbd7 10. f4 Ne4 11. Nxe4 Bxe4 12. c5 Bc7 13. b4 a6 14. Bd2 Nxe5 15. fxe5
f6 16. exf6 Rxf6 17. Bg4 Qe7 18. Qe2 Raf8 19. Rxf6 Rxf6 20. Rf1 g6 21. a4 h5
22. Bf3 Bxf3 23. Rxf3 Rxf3 24. Qxf3 Qf7 25. e4 Qxf3 26. gxf3 Kf7 27. Kf2 Kf6
28. h4 Kf7 29. Bg5 b5 30. a5 Bb8 31. e5 Bc7 32. Ke3 Kf8 33. Bf6 Kg8 34. Kf4 Kf7
35. Bg5 Kg7 36. Bf6+ 1/2-1/2

[Event "FB23 2122 Karlsruher SF 1853 - FC Bayer"]
[Site "?"]
[Date "2022.03.20"]
[Round "5.1"]
[White "Khrapko, Marharyta"]
[Black "Schmidt, Jessica"]
[Result "1-0"]
[WhiteElo "2096"]
[BlackElo "2231"]
[PlyCount "117"]
[EventDate "2022.??.??"]

1. e4 c6 2. d4 d5 3. e5 Bf5 4. h4 h6 5. g4 Bg6 6. h5 Bh7 7. e6 fxe6 8. Bd3 Na6
9. Bxh7 Rxh7 10. Qd3 Nf6 11. Nf3 Qb6 12. Qg6+ Kd8 13. g5 hxg5 14. Nxg5 Rh6 15.
Nf7+ Kc8 16. Nxh6 gxh6 17. c3 c5 18. Rh4 Kd7 19. Nd2 cxd4 20. Rxd4 e5 21. Rh4
Nc5 22. Nb3 Nxb3 23. axb3 e4 24. b4 d4 25. Rxe4 Nxe4 26. Qxb6 axb6 27. Rxa8 Bg7
28. Rg8 Be5 29. cxd4 Bxd4 30. Rg4 Bxf2+ 31. Ke2 Nf6 32. Rg6 Bd4 33. Kd3 Be5 34.
Rxh6 b5 35. Rg6 Nxh5 36. Rg5 Bf4 37. Rd5+ Ke6 38. Rxh5 Bxc1 39. b3 Bf4 40. Rxb5
Bd6 41. Rxb7 Kd5 42. Rb5+ Kc6 43. Kc4 Kc7 44. Kd5 Bh2 45. Rc5+ Kb6 46. Kc4 Bd6
47. Rc8 Kb7 48. Rg8 Kb6 49. Rg5 Kc6 50. Rh5 Kb6 51. b5 Kb7 52. b4 Kb6 53. Rc5
Kb7 54. Rc6 Bg3 55. Kb3 Bf4 56. Rg6 Bd6 57. Ka4 Bc7 58. Re6 Bd6 59. Ka5 1-0

[Event "FB23 2122 Karlsruher SF 1853 - FC Bayer"]
[Site "?"]
[Date "2022.03.20"]
[Round "5.2"]
[White "Kiefhaber, Veronika"]
[Black "Mayrhuber, Nikola"]
[Result "0-1"]
[WhiteElo "2121"]
[BlackElo "2119"]
[PlyCount "106"]
[EventDate "2022.??.??"]

1. e4 c5 2. c3 Nf6 3. e5 Nd5 4. Nf3 Nc6 5. Bc4 Nb6 6. Bb3 c4 7. Bc2 d6 8. exd6
Qxd6 9. b3 Qe6+ 10. Qe2 Qxe2+ 11. Kxe2 e5 12. Na3 Be6 13. Re1 f6 14. Kf1 O-O-O
15. Kg1 Bxa3 16. Bxa3 g5 17. Rad1 Rd7 18. d4 cxd3 19. Rxd3 Rhd8 20. Rxd7 Rxd7
21. Rd1 Rxd1+ 22. Bxd1 Nd5 23. Bb2 Nf4 24. Bc2 h5 25. Nd2 f5 26. Nf3 g4 27. Ng5
Kd7 28. g3 Nd5 29. Kf1 Ke7 30. Nxe6 Kxe6 31. Ke2 e4 32. a3 Ne5 33. c4 Nb6 34.
Bxe5 Kxe5 35. Ke3 a5 36. Bd1 a4 37. Bc2 axb3 38. Bxb3 h4 39. Ba2 h3 40. Bb3 Nd7
41. Bc2 Nc5 42. Bd1 Ne6 43. Be2 Nd4 44. Bd1 b6 45. Kd2 Kd6 46. Ke3 Kc5 47. Kf4
Kxc4 48. Bxg4 fxg4 49. Kxg4 Kb3 50. Kxh3 Kxa3 51. Kg4 b5 52. h4 b4 53. h5 Ne6
0-1

[Event "FB23 2122 Karlsruher SF 1853 - FC Bayer"]
[Site "?"]
[Date "2022.03.20"]
[Round "5.3"]
[White "Schloffer, Jasmin-Denise"]
[Black "Pellicoro, Nathalie"]
[Result "1-0"]
[WhiteElo "2121"]
[BlackElo "1883"]
[PlyCount "87"]
[EventDate "2022.??.??"]

1. d4 Nf6 2. c4 c5 3. d5 b5 4. Nf3 b4 5. a3 bxa3 6. Rxa3 d6 7. Nc3 Bb7 8. e4
Nbd7 9. Be2 g6 10. O-O Bg7 11. h3 O-O 12. Bf4 Nh5 13. Bh2 Re8 14. Qc2 Qb6 15.
Ng5 Nhf6 16. f4 h6 17. Nxf7 e5 18. Rb3 Qa6 19. Nxd6 Qxd6 20. Rxb7 Qa6 21. Rb5
Rac8 22. Qd3 Qd6 23. Qg3 exf4 24. Qxf4 Qxf4 25. Rxf4 g5 26. Rf1 Nxe4 27. Nxe4
Rxe4 28. Bg4 Bd4+ 29. Kh1 Rce8 30. Be6+ Kh8 31. Bd6 Ne5 32. Bxc5 a6 33. Ra5
Bxb2 34. Rxa6 Rxc4 35. Bf8 h5 36. Ra7 Ng6 37. Bh6 Nf4 38. Bxg5 Nxe6 39. dxe6
Bd4 40. Rd7 Be5 41. e7 Kg7 42. Rd8 Rc8 43. Rxe8 Rxe8 44. Rf8 1-0

[Event "FB23 2122 Karlsruher SF 1853 - FC Bayer"]
[Site "?"]
[Date "2022.03.20"]
[Round "5.4"]
[White "Scheynin, Julia"]
[Black "Butenandt, Svenja"]
[Result "0-1"]
[WhiteElo "2006"]
[BlackElo "2091"]
[PlyCount "83"]
[EventDate "2022.??.??"]

1. e4 c5 2. Nc3 Nc6 3. d3 g6 4. g3 Bg7 5. Bg2 d6 6. f4 e6 7. Nf3 Nge7 8. O-O
O-O 9. Bd2 Rb8 10. Rb1 b5 11. a3 b4 12. axb4 cxb4 13. Ne2 Qb6+ 14. Kh1 a5 15.
b3 Na7 16. Bc1 Nb5 17. Bb2 Bxb2 18. Rxb2 Bb7 19. Ra2 d5 20. Nd2 Ra8 21. Qe1
Rfc8 22. g4 f5 23. gxf5 exf5 24. e5 Rc7 25. Nf3 d4 26. Nd2 Nd5 27. Nc4 Rxc4 28.
bxc4 Ne3 29. Bf3 Nxf1 30. Qxf1 Nc7 31. Kg1 Bxf3 32. Qxf3 a4 33. Ra1 Ra5 34. Qf2
Ne6 35. h4 b3 36. cxb3 axb3 37. Rb1 Ra2 38. Qf1 Rd2 39. Qf3 b2 40. Qa8+ Kg7 41.
Kf1 Qb3 42. Qg2 0-1

[Event "FB23 2122 Karlsruher SF 1853 - FC Bayer"]
[Site "?"]
[Date "2022.03.20"]
[Round "5.5"]
[White "Dirmeier, Carolin"]
[Black "Rubina, Tatiana"]
[Result "0-1"]
[WhiteElo "1977"]
[BlackElo "1978"]
[PlyCount "92"]
[EventDate "2022.??.??"]

1. e4 e6 2. d4 d5 3. Nc3 Bb4 4. e5 c5 5. Bd2 cxd4 6. Nb5 Bc5 7. b4 Be7 8. Nxd4
Qb6 9. c3 Bd7 10. f4 Nc6 11. Ngf3 f6 12. Bd3 Nh6 13. O-O fxe5 14. fxe5 Nf7 15.
Kh1 O-O-O 16. Be3 Qc7 17. a4 Rdf8 18. Nb5 Qb8 19. Qe2 a6 20. Nbd4 Nfxe5 21. c4
Bxb4 22. cxd5 exd5 23. Rab1 Nxd3 24. Qxd3 Bd6 25. Rfc1 Kd8 26. Nf5 Ne5 27. Bb6+
Ke8 28. Nxd6+ Qxd6 29. Nxe5 Bf5 30. Qg3 Bxb1 31. Bd4 Bf5 32. Re1 Be6 33. Qb3
Rf4 34. Ba1 Rb4 35. Qc2 Rf8 36. Nd3 Re4 37. Qd1 g6 38. g3 Rxe1+ 39. Qxe1 Kd7
40. Ne5+ Ke8 41. Kg2 d4 42. Nd3 Kd8 43. Nf4 Bd7 44. a5 g5 45. Ne2 Qd5+ 46. Kg1
Bc6 0-1

[Event "FB23 2122 Karlsruher SF 1853 - FC Bayer"]
[Site "?"]
[Date "2022.03.20"]
[Round "5.6"]
[White "Basovskiy, Jana"]
[Black "Stangl, Anita"]
[Result "0-1"]
[WhiteElo "1956"]
[BlackElo "1991"]
[PlyCount "50"]
[EventDate "2022.??.??"]

1. e4 e6 2. d3 d5 3. Nd2 Nf6 4. g3 Bc5 5. Bg2 c6 6. Qe2 h5 7. Ngf3 b6 8. e5
Nfd7 9. Nb3 Be7 10. h4 c5 11. c4 Bb7 12. Ng5 Qc7 13. cxd5 Qxe5 14. Ne4 Bxd5 15.
Bf4 Qf5 16. Bd6 Nc6 17. Bxe7 Kxe7 18. O-O a5 19. Nbd2 Nd4 20. Qd1 Ne5 21. a3
Nxd3 22. Qb1 Ne5 23. b4 Nef3+ 24. Kh1 Nxd2 25. Nxd2 Qh3+ 0-1

[Event "FB23 2122 SK Freiburg-Zähringen - TSV "]
[Site "?"]
[Date "2022.03.20"]
[Round "5.1"]
[White "Imnadze, Nato"]
[Black "Paddock, Silvia"]
[Result "1-0"]
[WhiteElo "2238"]
[BlackElo "2180"]
[PlyCount "67"]
[EventDate "2022.??.??"]

1. e4 c5 2. Nc3 Nc6 3. Bb5 g6 4. Bxc6 dxc6 5. d3 Nf6 6. f4 Bg7 7. Nf3 O-O 8.
O-O Ne8 9. Qe1 Nc7 10. Ne2 Ne6 11. Qh4 Bf6 12. Qf2 b6 13. Ne5 Qc7 14. Ng4 Bg7
15. f5 gxf5 16. Nh6+ Kh8 17. Nxf5 Bf6 18. Kh1 Nd4 19. Nexd4 cxd4 20. Nxd4 Rg8
21. Bf4 Qb7 22. Bd2 Rg6 23. Rae1 e5 24. Nf5 Be6 25. Nh4 Bxh4 26. Qxh4 Rag8 27.
Re2 c5 28. Bc3 Qc7 29. Rf5 f6 30. Rxf6 Rg4 31. Qh6 Bf7 32. Ref2 Bg6 33. Rf8 Be8
34. Qf6+ 1-0

[Event "FB23 2122 SK Freiburg-Zähringen - TSV "]
[Site "?"]
[Date "2022.03.20"]
[Round "5.3"]
[White "Staudacher, Ana"]
[Black "Hund, Sarah"]
[Result "0-1"]
[WhiteElo "1722"]
[BlackElo "2049"]
[PlyCount "86"]
[EventDate "2022.??.??"]

1. e4 e5 2. Bc4 Nc6 3. Nf3 Nf6 4. d3 Be7 5. Nc3 d6 6. h3 Na5 7. Bb3 O-O 8. Bg5
c6 9. O-O h6 10. Be3 Re8 11. d4 Qc7 12. d5 Bd7 13. Rc1 c5 14. a3 b5 15. Nd2 Nb7
16. f4 exf4 17. Bxf4 a5 18. Qf3 c4 19. Ba2 Nc5 20. Rce1 Qa7 21. Kh1 Reb8 22. e5
dxe5 23. Bxe5 Rf8 24. d6 Bd8 25. Bxf6 Bxf6 26. Qg3 Kh8 27. Rxf6 gxf6 28. Qh4
Bc6 29. Qxh6+ Kg8 30. Nde4 Nd7 31. Ng3 Qf2 32. Nce4 Qxe1+ 33. Kh2 Qxe4 34. Nxe4
Bxe4 35. g4 Rae8 36. g5 Re6 37. gxf6 Rxf6 38. Qg5+ Rg6 39. Qd2 Rg2+ 40. Qxg2+
Bxg2 41. Kxg2 Rd8 42. b3 Ne5 43. bxc4 bxc4 0-1

[Event "FB23 2122 SK Freiburg-Zähringen - TSV "]
[Site "?"]
[Date "2022.03.20"]
[Round "5.4"]
[White "Ehmann, Johanna"]
[Black "Pils, Martina"]
[Result "1/2-1/2"]
[WhiteElo "1778"]
[BlackElo "1567"]
[PlyCount "101"]
[EventDate "2022.??.??"]

1. e4 e6 2. d4 d5 3. exd5 exd5 4. Nf3 Nf6 5. h3 c5 6. Bb5+ Bd7 7. Bxd7+ Nbxd7
8. O-O cxd4 9. Nxd4 Be7 10. Nf5 O-O 11. Nc3 Nb6 12. Bg5 Bc5 13. Qf3 Rc8 14. Qg3
Rc6 15. Bh4 g6 16. Nh6+ Kg7 17. Qg5 Qd7 18. Rae1 Re8 19. Rxe8 Qxe8 20. Nf5+ Kg8
21. Nh6+ Kg7 22. Nf5+ Kg8 23. Qh6 Bf8 24. Qg5 Re6 25. Nd4 Ne4 26. Qd8 Qxd8 27.
Bxd8 Nxc3 28. bxc3 Re4 29. Bxb6 axb6 30. Rd1 Bc5 31. Nb3 Re5 32. Nxc5 bxc5 33.
Rb1 Re7 34. Rb5 Rc7 35. Kf1 Kf8 36. Ke2 Ke7 37. Rb6 Kd8 38. Kd3 Kc8 39. Rf6 Rd7
40. h4 Kc7 41. a4 b6 42. g4 Kb7 43. h5 Kc7 44. f4 Re7 45. f5 gxh5 46. gxh5 Kb7
47. Rh6 Re5 48. Rf6 Re7 49. Rd6 Kc7 50. Rxd5 Kc6 51. c4 1/2-1/2

[Event "FB23 2122 SV Stuttgart-Wolfbusch - SK 1"]
[Site "?"]
[Date "2022.03.20"]
[Round "5.1"]
[White "Lukas, Anne"]
[Black "Timofeeva, Galina"]
[Result "0-1"]
[WhiteElo "2033"]
[BlackElo "1981"]
[PlyCount "58"]
[EventDate "2022.??.??"]

1. e4 c5 2. d3 Nc6 3. Nd2 g6 4. Ngf3 Bg7 5. g3 e6 6. Bg2 Nge7 7. O-O O-O 8. Re1
d6 9. h4 Rb8 10. h5 h6 11. Nf1 e5 12. hxg6 fxg6 13. Ne3 Be6 14. a4 Qd7 15. c3
Rf7 16. Nh2 Rbf8 17. Rf1 d5 18. exd5 Nxd5 19. Nxd5 Bxd5 20. Bxd5 Qxd5 21. Ng4
Kh7 22. Qe2 Rf3 23. Be3 e4 24. Rad1 Qh5 25. Bxc5 Qxc5 26. Qxe4 Rxg3+ 27. Kh1
Qh5+ 28. Nh2 Rh3 29. Qg2 Be5 0-1

[Event "FB23 2122 SV Stuttgart-Wolfbusch - SK 1"]
[Site "?"]
[Date "2022.03.20"]
[Round "5.2"]
[White "Siegl, Melina"]
[Black "Ries, Jutta"]
[Result "0-1"]
[WhiteElo "1986"]
[BlackElo "2001"]
[PlyCount "86"]
[EventDate "2022.??.??"]

1. e4 Nf6 2. e5 Nd5 3. c4 Nb6 4. d4 d6 5. exd6 cxd6 6. Nc3 g6 7. Be3 Bg7 8. Nf3
Bg4 9. h3 Bxf3 10. Qxf3 Nc6 11. Rd1 O-O 12. Be2 e6 13. Qg3 d5 14. c5 Nc8 15.
Qf3 N8e7 16. O-O Nf5 17. Qf4 Qf6 18. Nb5 a6 19. Nd6 Nfxd4 20. Rxd4 Nxd4 21.
Qxd4 Qxd4 22. Bxd4 Bxd4 23. Nxb7 Ra7 24. c6 Rc8 25. Rd1 Bb6 26. Rc1 Rxb7 27.
Bxa6 Rbc7 28. Bxc8 Rxc8 29. b4 Kf8 30. a4 Ke7 31. Kf1 Kd6 32. b5 e5 33. Ke2 f5
34. f3 f4 35. Kd3 Ba5 36. Rc2 g5 37. Re2 h5 38. Rc2 Rc7 39. Re2 g4 40. hxg4
hxg4 41. Rb2 Rg7 42. Rb3 gxf3 43. gxf3 Rg2 0-1